|
|
|
|
| LEADER |
00000nab a2200000uu 4500 |
| 001 |
vtls011452970 |
| 003 |
SK-MaSNL |
| 005 |
20260303113332.0 |
| 008 |
230121|1962 xo |||||||||||||||||cze| |
| 015 |
|
|
|a SNBRB
|
| 035 |
|
|
|a (urnnbn)urn:nbn:sk:snk:ar-007ybm
|
| 035 |
|
|
|a (uuid)a9a05b82-e715-48e0-b1fa-057648ebf3cb
|
| 035 |
|
|
|a urn:nbn:sk:snk-abcokx
|
| 040 |
|
|
|a SNKBUCL
|b slo
|c SNKBUCL
|e AACR2
|
| 041 |
0 |
|
|a cze
|
| 044 |
|
|
|a xo
|c SK
|
| 100 |
1 |
|
|a Řezáčová, A.
|4 aut
|9 1125405
|
| 245 |
1 |
0 |
|a SPECIÁLNÍ VYBARVOVÁNÍ KERATENCHYMU V TRVALÝCH PREPARÁTECH DROGY RADIX LIQUIRITIAE
|c A. Řezáčová
|
| 773 |
0 |
|
|t Farmaceutický obzor : odborný časopis Ministerstva zdravotníctva Slovenskej republiky a Slovenskej zdravotníckej univerzity v Bratislave
|g Roč. 31, č. 11-12 (1962), s. 491-493
|
| 954 |
|
|
|a odborná, vedecká literatúra cudzojazyčná (svetová)
|2 lita
|
| 958 |
|
|
|a OND
|
| 958 |
|
|
|a EUIPO
|
| 958 |
|
|
|a article16
|
| 999 |
|
|
|c 1891913
|d 1893843
|